Logické systémy pro řízení

Enregistré dans:
Détails bibliographiques
Auteurs principaux: Bayer, Jiří (Auteur), Hanzálek, Zdeněk (Auteur), Šusta, Richard (Auteur)
Format: Livre
Langue:tchèque
Publié: Praha : České vysoké učení technické v Praze, 2000
Édition:1. vyd.
Sujets:
Tags: Ajouter un tag
Pas de tags, Soyez le premier à ajouter un tag!

MARC

LEADER 00000nam a22000003a 4500
001 stu94234
005 20150617225612.2
008 050606s2001----xr------------------cze-d
020 |a 80-01-02147-5 
040 |a STU  |b slo 
041 0 |a cze 
044 |a xr 
080 |a 004.312 
080 |a 004.451 
100 1 |a Bayer, Jiří  |4 aut 
245 1 |a Logické systémy pro řízení 
250 |a 1. vyd. 
260 |a Praha :  |b České vysoké učení technické v Praze,  |c 2000 
300 |a 269 s 
650 7 |a logické systémy  |2 stusub 
650 7 |a operačné systémy  |2 stusub 
650 7 |a logické obvody  |2 stusub 
700 1 |a Hanzálek, Zdeněk  |4 aut 
700 1 |a Šusta, Richard  |4 aut 
996 |b IS915  |c I*S915  |l II680  |s A  |a 24  |w stu94234_0001 
996 |b 284EK85633  |c E*85633  |l EE01  |s A  |a 24  |w stu94234_0002